Maps Battlefront 2 (francais) - Statistiques

Statistiques générales
  • Ce quiz a été pris 54 fois
  • Le résultat moyen est 10 sur 15
Statistiques - réponses
Par images Réponse % Correct
Kamino
87%
Naboo
87%
Hoth
85%
Geonosis
82%
Tatooine
82%
Endor
77%
Base starkiller
74%
Yavin 4
74%
Bespin
62%
Jakku
62%
Crait
54%
Kashyyyk
49%
Kessel
46%
Takodana
46%
Etoile de la mort 2
41%
Aucun quiz correspondant
Distribution des résultats
% des personnes avec chaque résultat
Percentile par nombre de réponses
Votre historique - résultats
Vous n’avez pas pris ce quiz